000 005030000a22000970004500
245 1 0 _aEl Salvador educa para el desarrollo
300 _aVol.0, núm.8 (Enero-marzo, 2007), Página 18
520 _aHace más de una década, un exitoso proceso de paz le enseñó la importancia del diálogo. En 2006 la lección se volcó hacia la educación, con una consulta y un plan decenal que propugnan por el avance tecnológico desde las aulas.
773 0 _tEducación superior : Boletín informativo
942 _cANA
999 _c62244
_d62244